[Event "World Chess Olympiad 2018"]
[Site "Batumi"]
[Date "2018.09.30"]
[Round "6"]
[Board "4"]
[WhiteFideId "3509362"]
[White "Quesada Perez Yasser"]
[BlackFideId "13101439"]
[Black "Razanadrakotoarisoa Toavina"]
[Result "1-0"]
[LiveChessVersion "1.4.8"]
[BlackElo "2013"]
[WhiteElo "2523"]

1. e4 {[%clk 1:30:52]} d6 {[%clk 1:30:11]} 2. d4 {[%clk 1:31:07]} Nf6
{[%clk 1:30:24]} 3. Bd3 {[%clk 1:31:21]} e5 {[%clk 1:29:11]} 4. c3
{[%clk 1:31:42]} c6 {[%clk 1:28:25]} 5. Nf3 {[%clk 1:31:52]} Bg4 {[%clk 1:27:31]}
6. Nbd2 {[%clk 1:31:36]} Nbd7 {[%clk 1:27:24]} 7. h3 {[%clk 1:31:15]} Bh5
{[%clk 1:27:02]} 8. O-O {[%clk 1:30:35]} Qc7 {[%clk 1:11:56]} 9. Re1
{[%clk 1:29:07]} h6 {[%clk 1:10:00]} 10. Nf1 {[%clk 1:28:38]} g5 {[%clk 1:07:32]}
11. Ng3 {[%clk 1:26:54]} Bg6 {[%clk 1:07:43]} 12. Nh2 {[%clk 1:21:28]} Bg7
{[%clk 1:02:42]} 13. Nhf1 {[%clk 1:21:11]} O-O-O {[%clk 0:59:44]} 14. Ne3
{[%clk 1:20:43]} Rhe8 {[%clk 0:58:01]} 15. Nef5 {[%clk 1:16:07]} Bf8
{[%clk 0:57:59]} 16. Be3 {[%clk 1:13:25]} d5 {[%clk 0:57:04]} 17. Qf3
{[%clk 1:06:04]} Kb8 {[%clk 0:53:22]} 18. a3 {[%clk 0:56:24]} Re6
{[%clk 0:39:12]} 19. Bd2 {[%clk 0:38:26]} Rde8 {[%clk 0:36:09]} 20. b4
{[%clk 0:35:29]} exd4 {[%clk 0:20:49]} 21. cxd4 {[%clk 0:34:38]} dxe4
{[%clk 0:20:22]} 22. Nxe4 {[%clk 0:35:00]} Nxe4 {[%clk 0:20:04]} 23. Rxe4
{[%clk 0:35:01]} Rxe4 {[%clk 0:15:23]} 24. Bxe4 {[%clk 0:35:25]} Nf6
{[%clk 0:13:54]} 25. Bd3 {[%clk 0:35:33]} Qd7 {[%clk 0:11:52]} 26. h4
{[%clk 0:18:59]} Bxf5 {[%clk 0:06:12]} 27. Bxf5 {[%clk 0:19:18]} Qxd4
{[%clk 0:05:45]} 28. Bc3 {[%clk 0:19:24]} Qd6 {[%clk 0:05:54]} 29. Bc2
{[%clk 0:16:36]} Nd5 {[%clk 0:00:33]} 30. Qxf7 {[%clk 0:17:03]} Re2
{[%clk 0:00:47]} 31. Bd3 {[%clk 0:17:28]} Nxc3 {[%clk 0:00:54]} 32. Bxe2
{[%clk 0:17:53]} Nxe2+ {[%clk 0:01:18]} 33. Kh1 {[%clk 0:16:37]} Be7
{[%clk 0:00:43]} 34. Re1 {[%clk 0:16:20]} Kc7 {[%clk 0:00:32]} 35. g3
{[%clk 0:14:12]} gxh4 {[%clk 0:00:32]} 36. Kg2 {[%clk 0:14:24]} 1-0

[Event "World Chess Olympiad 2018"]
[Site "Batumi"]
[Date "2018.09.30"]
[Round "6"]
[Board "1"]
[WhiteFideId "7200595"]
[White "Ziska Helgi Dam"]
[BlackFideId "2101246"]
[Black "Leitao Rafael"]
[Result "1-0"]
[LiveChessVersion "1.4.8"]
[BlackElo "2620"]
[WhiteElo "2550"]

1. e4 {[%clk 1:30:54]} c5 {[%clk 1:30:50]} 2. Nf3 {[%clk 1:30:46]} e6
{[%clk 1:30:49]} 3. d4 {[%clk 1:30:36]} cxd4 {[%clk 1:31:10]} 4. Nxd4
{[%clk 1:30:54]} Nc6 {[%clk 1:31:31]} 5. Nc3 {[%clk 1:30:40]} a6 {[%clk 1:31:09]}
6. Nxc6 {[%clk 1:29:49]} bxc6 {[%clk 1:31:31]} 7. e5 {[%clk 1:29:34]} Qc7
{[%clk 1:26:25]} 8. Bf4 {[%clk 1:29:01]} Ne7 {[%clk 1:16:23]} 9. Bd3
{[%clk 1:27:09]} Nd5 {[%clk 0:54:38]} 10. Nxd5 {[%clk 1:11:29]} cxd5
{[%clk 0:54:59]} 11. O-O {[%clk 1:09:50]} Bb7 {[%clk 0:53:05]} 12. Qg4
{[%clk 1:02:01]} g6 {[%clk 0:44:49]} 13. Qg3 {[%clk 0:59:57]} Bg7
{[%clk 0:43:29]} 14. Rfe1 {[%clk 0:57:55]} O-O {[%clk 0:42:46]} 15. h4
{[%clk 0:55:22]} a5 {[%clk 0:40:49]} 16. h5 {[%clk 0:45:21]} Ba6 {[%clk 0:40:52]}
17. Qe3 {[%clk 0:35:40]} Qa7 {[%clk 0:38:39]} 18. Qxa7 {[%clk 0:30:57]} Rxa7
{[%clk 0:38:59]} 19. h6 {[%clk 0:30:23]} Bh8 {[%clk 0:39:16]} 20. Be3
{[%clk 0:29:48]} Raa8 {[%clk 0:39:15]} 21. Bc5 {[%clk 0:28:56]} Rfc8
{[%clk 0:37:30]} 22. Bd6 {[%clk 0:28:05]} Rc6 {[%clk 0:29:45]} 23. a4
{[%clk 0:24:30]} f6 {[%clk 0:18:44]} 24. Bb5 {[%clk 0:12:35]} Bxb5
{[%clk 0:18:18]} 25. axb5 {[%clk 0:13:00]} Rb6 {[%clk 0:18:44]} 26. f4
{[%clk 0:13:15]} Rxb5 {[%clk 0:17:21]} 27. b4 {[%clk 0:12:49]} g5
{[%clk 0:12:35]} 28. g3 {[%clk 0:09:48]} gxf4 {[%clk 0:12:26]} 29. gxf4
{[%clk 0:10:13]} Kf7 {[%clk 0:12:41]} 30. Kf2 {[%clk 0:06:12]} Ra6
{[%clk 0:11:44]} 31. Ra3 {[%clk 0:05:41]} Rxd6 {[%clk 0:06:54]} 32. exd6
{[%clk 0:06:03]} Rxb4 {[%clk 0:07:18]} 33. f5 {[%clk 0:05:28]} Rf4+
{[%clk 0:05:54]} 34. Rf3 {[%clk 0:05:00]} Rc4 {[%clk 0:05:38]} 35. Rb3
{[%clk 0:05:00]} Rxc2+ {[%clk 0:00:50]} 36. Kf3 {[%clk 0:03:12]} 1-0

[Event "World Chess Olympiad 2018"]
[Site "Batumi"]
[Date "2018.09.30"]
[Round "6"]
[Board "2"]
[WhiteFideId "2106388"]
[White "Supi Luis Paulo"]
[BlackFideId "7200420"]
[Black "Berg Olaf"]
[Result "1-0"]
[LiveChessVersion "1.4.8"]
[BlackElo "2248"]
[WhiteElo "2548"]

1. c4 {[%clk 1:30:54]} e6 {[%clk 1:29:48]} 2. g3 {[%clk 1:29:56]} Nf6
{[%clk 1:29:29]} 3. Bg2 {[%clk 1:29:29]} Be7 {[%clk 1:28:02]} 4. Nf3
{[%clk 1:27:46]} O-O {[%clk 1:27:37]} 5. O-O {[%clk 1:27:58]} Nc6
{[%clk 1:25:17]} 6. d4 {[%clk 1:17:06]} d5 {[%clk 1:20:57]} 7. b3
{[%clk 1:17:13]} Ne4 {[%clk 1:19:13]} 8. Bb2 {[%clk 1:17:07]} a5 {[%clk 1:09:18]}
9. Nc3 {[%clk 1:12:13]} Nxc3 {[%clk 1:06:45]} 10. Bxc3 {[%clk 1:12:34]} Bd7
{[%clk 1:05:48]} 11. e3 {[%clk 0:49:05]} Qb8 {[%clk 0:54:07]} 12. Rb1
{[%clk 0:35:34]} Rd8 {[%clk 0:50:38]} 13. Ne1 {[%clk 0:32:36]} Be8
{[%clk 0:47:24]} 14. Qe2 {[%clk 0:32:42]} a4 {[%clk 0:44:28]} 15. Nd3
{[%clk 0:31:01]} axb3 {[%clk 0:44:31]} 16. axb3 {[%clk 0:29:15]} Na5
{[%clk 0:32:22]} 17. cxd5 {[%clk 0:23:14]} exd5 {[%clk 0:32:45]} 18. Nf4
{[%clk 0:23:35]} c6 {[%clk 0:30:06]} 19. e4 {[%clk 0:23:50]} dxe4
{[%clk 0:28:15]} 20. b4 {[%clk 0:23:29]} Bxb4 {[%clk 0:17:09]} 21. Rxb4
{[%clk 0:22:14]} f5 {[%clk 0:17:20]} 22. Bh3 {[%clk 0:18:56]} g6 {[%clk 0:16:25]}
23. Ba1 {[%clk 0:10:49]} Qd6 {[%clk 0:15:01]} 24. Qb2 {[%clk 0:09:11]} Qf6
{[%clk 0:14:08]} 25. Qa2+ {[%clk 0:08:01]} Bf7 {[%clk 0:13:33]} 26. d5
{[%clk 0:08:06]} Qd6 {[%clk 0:11:31]} 27. Qb2 {[%clk 0:08:05]} Kf8
{[%clk 0:11:56]} 28. dxc6 {[%clk 0:05:51]} bxc6 {[%clk 0:10:41]} 29. Qg7+
{[%clk 0:05:57]} Ke8 {[%clk 0:09:22]} 30. Rd4 {[%clk 0:06:15]} Bd5
{[%clk 0:07:59]} 31. Nxd5 {[%clk 0:05:16]} cxd5 {[%clk 0:08:26]} 32. Rfd1
{[%clk 0:05:23]} Qe6 {[%clk 0:07:50]} 33. Qh8+ {[%clk 0:04:34]} Kf7
{[%clk 0:04:56]} 34. Qxh7+ {[%clk 0:04:59]} Ke8 {[%clk 0:05:14]} 35. Bc3
{[%clk 0:03:49]} Nc6 {[%clk 0:03:48]} 36. R4d2 {[%clk 0:04:05]} Ra7
{[%clk 0:01:57]} 37. Qh4 {[%clk 0:04:21]} Rf7 {[%clk 0:00:40]} 38. Bf1
{[%clk 0:04:26]} e3 {[%clk 0:00:32]} 39. Re2 {[%clk 0:04:28]} f4 {[%clk 0:00:36]}
40. fxe3 {[%clk 0:32:52]} f3 {[%clk 0:30:32]} 41. Rf2 {[%clk 0:33:13]} Qe4
{[%clk 0:24:26]} 42. Bb5 {[%clk 0:32:43]} 1-0

[Event "World Chess Olympiad 2018"]
[Site "Batumi"]
[Date "2018.09.30"]
[Round "6"]
[Board "3"]
[WhiteFideId "7200315"]
[White "Poulsen Martin"]
[BlackFideId "2107660"]
[Black "Mekhitarian Krikor Sevag"]
[Result "0-1"]
[LiveChessVersion "1.4.8"]
[BlackElo "2543"]
[WhiteElo "2239"]

1. b3 {[%clk 1:29:32]} Nf6 {[%clk 1:30:48]} 2. Bb2 {[%clk 1:29:55]} g6
{[%clk 1:31:15]} 3. g3 {[%clk 1:27:10]} Bg7 {[%clk 1:31:40]} 4. Bg2
{[%clk 1:27:20]} O-O {[%clk 1:32:06]} 5. c4 {[%clk 1:24:18]} c5 {[%clk 1:28:52]}
6. Nf3 {[%clk 1:08:47]} d5 {[%clk 1:21:51]} 7. cxd5 {[%clk 1:04:31]} Qxd5
{[%clk 1:22:04]} 8. Nc3 {[%clk 1:03:10]} Qf5 {[%clk 1:20:34]} 9. Rc1
{[%clk 0:52:50]} Rd8 {[%clk 1:02:58]} 10. Na4 {[%clk 0:43:23]} Na6
{[%clk 1:02:24]} 11. O-O {[%clk 0:35:12]} Qh5 12. Qc2 {[%clk 0:22:39]} Be6
{[%clk 0:44:08]} 13. d3 {[%clk 0:14:49]} Rac8 {[%clk 0:43:07]} 14. Rfe1
{[%clk 0:14:59]} Nb4 {[%clk 0:28:28]} 15. Qb1 {[%clk 0:15:08]} b6
{[%clk 0:28:50]} 16. d4 {[%clk 0:13:38]} Bf5 {[%clk 0:24:34]} 17. e4
{[%clk 0:12:35]} Bg4 {[%clk 0:25:02]} 18. Ne5 {[%clk 0:04:04]} cxd4
{[%clk 0:25:13]} 19. Nxg4 {[%clk 0:03:45]} Nxg4 {[%clk 0:22:01]} 20. h3
{[%clk 0:03:40]} Nxf2 {[%clk 0:13:37]} 21. Kxf2 {[%clk 0:03:32]} d3
{[%clk 0:14:05]} 22. Rxc8 {[%clk 0:03:13]} Rxc8 {[%clk 0:14:32]} 23. Bxg7
{[%clk 0:03:26]} Kxg7 {[%clk 0:14:02]} 24. Qb2+ {[%clk 0:00:51]} f6
{[%clk 0:10:47]} 25. Bf3 {[%clk 0:00:49]} Qxh3 {[%clk 0:08:31]} 26. Nc3
{[%clk 0:01:11]} Qd7 {[%clk 0:07:27]} 27. a3 {[%clk 0:00:59]} Qd4+
{[%clk 0:07:04]} 28. Kf1 {[%clk 0:00:49]} d2 {[%clk 0:07:14]} 29. Rd1
{[%clk 0:00:45]} Rxc3 {[%clk 0:07:18]} 30. Kg2 {[%clk 0:00:38]} Nc2
{[%clk 0:07:39]} 31. e5 {[%clk 0:00:32]} Ne3+ {[%clk 0:07:22]} 32. Kh2
{[%clk 0:00:49]} Nxd1 {[%clk 0:07:45]} 33. exf6+ {[%clk 0:00:54]} exf6
{[%clk 0:08:10]} 34. Bxd1 {[%clk 0:01:18]} Qf2+ {[%clk 0:08:36]} 35. Kh1
{[%clk 0:01:43]} Rxg3 {[%clk 0:08:54]} 36. Qc2 {[%clk 0:02:07]} Qg1#
{[%clk 0:09:19]} 0-1

[Event "World Chess Olympiad 2018"]
[Site "Batumi"]
[Date "2018.09.30"]
[Round "6"]
[Board "4"]
[WhiteFideId "2106981"]
[White "El Debs Felipe de Cresce"]
[BlackFideId "7200277"]
[Black "Samuelsen Carl Eli Nolsoe"]
[Result "1-0"]
[LiveChessVersion "1.4.8"]
[BlackElo "2237"]
[WhiteElo "2542"]

1. e4 {[%clk 1:30:55]} c5 {[%clk 1:30:52]} 2. Nf3 {[%clk 1:31:18]} Nc6
{[%clk 1:30:48]} 3. Bb5 {[%clk 1:31:39]} g6 {[%clk 1:30:24]} 4. Bxc6
{[%clk 1:32:00]} dxc6 {[%clk 1:29:44]} 5. d3 {[%clk 1:32:17]} Bg7
{[%clk 1:29:13]} 6. h3 {[%clk 1:32:39]} e5 {[%clk 1:26:35]} 7. Be3
{[%clk 1:27:54]} Qe7 {[%clk 1:17:39]} 8. Nbd2 {[%clk 1:26:59]} Nf6
{[%clk 1:14:27]} 9. a3 {[%clk 1:25:25]} O-O {[%clk 1:11:32]} 10. O-O
{[%clk 1:25:06]} Nd7 {[%clk 1:08:34]} 11. b4 {[%clk 1:23:54]} f5 {[%clk 0:59:00]}
12. Nc4 {[%clk 1:11:48]} f4 {[%clk 0:52:22]} 13. Bxc5 {[%clk 1:07:15]} Nxc5
{[%clk 0:52:41]} 14. bxc5 {[%clk 1:07:41]} Qxc5 {[%clk 0:52:39]} 15. Qd2
{[%clk 1:05:05]} b5 {[%clk 0:42:03]} 16. Na5 {[%clk 1:05:27]} Be6
{[%clk 0:33:38]} 17. Qb4 {[%clk 1:03:01]} Qb6 {[%clk 0:22:59]} 18. a4
{[%clk 0:55:51]} Rfe8 {[%clk 0:20:04]} 19. Rfb1 {[%clk 0:55:46]} Bf8
{[%clk 0:17:11]} 20. Qd2 {[%clk 0:54:06]} b4 {[%clk 0:17:32]} 21. Nb3
{[%clk 0:54:12]} a5 {[%clk 0:17:05]} 22. c3 {[%clk 0:49:21]} Bxb3
{[%clk 0:11:33]} 23. Rxb3 {[%clk 0:49:45]} Rad8 {[%clk 0:10:58]} 24. Ng5
{[%clk 0:41:01]} Kg7 {[%clk 0:09:24]} 25. Qa2 {[%clk 0:39:39]} Rd7
{[%clk 0:07:16]} 26. cxb4 {[%clk 0:39:27]} Bxb4 {[%clk 0:06:54]} 27. Rc1
{[%clk 0:37:50]} Kf6 {[%clk 0:05:34]} 28. Nf3 {[%clk 0:37:41]} Qa6
{[%clk 0:04:36]} 29. Rc4 {[%clk 0:35:05]} c5 {[%clk 0:04:14]} 30. Qc2
{[%clk 0:35:14]} Rd6 {[%clk 0:03:51]} 31. g3 {[%clk 0:33:43]} g5 {[%clk 0:04:07]}
32. Kg2 {[%clk 0:33:17]} Red8 {[%clk 0:03:18]} 33. Rxc5 {[%clk 0:31:59]} Bxc5
{[%clk 0:03:21]} 34. Qxc5 {[%clk 0:32:24]} Re6 {[%clk 0:01:38]} 35. Qc7
{[%clk 0:32:26]} Qc8 {[%clk 0:01:04]} 36. Qxh7 {[%clk 0:32:43]} Rh8
{[%clk 0:00:52]} 37. Qf5+ {[%clk 0:33:06]} Kg7 {[%clk 0:00:36]} 38. Nxe5
{[%clk 0:33:11]} f3+ {[%clk 0:00:35]} 39. Nxf3 {[%clk 0:33:07]} Rf8
{[%clk 0:00:39]} 40. Qxg5+ {[%clk 1:03:03]} Rg6 {[%clk 0:30:36]} 41. Qe5+
{[%clk 1:03:02]} Kh6 {[%clk 0:29:20]} 42. Rb5 {[%clk 1:01:36]} Rfg8
{[%clk 0:26:21]} 43. Qh5+ {[%clk 1:00:54]} Kg7 {[%clk 0:26:49]} 44. Nh4
{[%clk 0:59:30]} Rf6 {[%clk 0:20:23]} 45. Rf5 {[%clk 0:58:09]} Rxf5
{[%clk 0:19:13]} 46. Nxf5+ {[%clk 0:58:30]} Kf6 {[%clk 0:17:14]} 47. Qh6+
{[%clk 0:58:55]} Rg6 {[%clk 0:16:26]} 48. Qxg6+ {[%clk 0:59:17]} Ke5
{[%clk 0:16:48]} 49. Qd6# 1-0

[Event "World Chess Olympiad 2018"]
[Site "Batumi"]
[Date "2018.09.30"]
[Round "6"]
[Board "1"]
[WhiteFideId "6501311"]
[White "Duran Vega Sergio"]
[BlackFideId "13002783"]
[Black "Wynn Zaw Htun"]
[Result "0-1"]
[LiveChessVersion "1.4.8"]
[BlackElo "2473"]
[WhiteElo "2401"]

1. d4 {[%clk 1:30:55]} Nf6 {[%clk 1:30:45]} 2. c4 {[%clk 1:31:17]} e6
{[%clk 1:30:52]} 3. g3 {[%clk 1:31:39]} Bb4+ {[%clk 1:30:16]} 4. Bd2
{[%clk 1:32:00]} Qe7 {[%clk 1:29:53]} 5. Bg2 {[%clk 1:32:22]} Nc6
{[%clk 1:29:52]} 6. e3 {[%clk 1:32:33]} O-O {[%clk 1:24:06]} 7. Ne2
{[%clk 1:32:54]} Bxd2+ {[%clk 1:21:52]} 8. Qxd2 {[%clk 1:33:16]} Qb4
{[%clk 1:20:33]} 9. Qc3 {[%clk 1:25:02]} d6 {[%clk 1:15:18]} 10. O-O
{[%clk 1:24:04]} Qxc3 {[%clk 1:15:13]} 11. Nbxc3 {[%clk 1:24:17]} Bd7
{[%clk 1:15:19]} 12. Rac1 {[%clk 1:19:28]} Rab8 {[%clk 1:13:24]} 13. h3
{[%clk 1:14:54]} a6 {[%clk 1:13:04]} 14. b3 {[%clk 1:06:22]} Ne7 {[%clk 0:58:16]}
15. e4 {[%clk 0:56:48]} e5 {[%clk 0:55:36]} 16. f4 {[%clk 0:56:57]} Ng6
{[%clk 0:45:56]} 17. fxe5 {[%clk 0:39:54]} dxe5 {[%clk 0:46:15]} 18. Nd5
{[%clk 0:40:17]} Ne8 {[%clk 0:40:43]} 19. Rcd1 {[%clk 0:34:40]} Be6
{[%clk 0:35:26]} 20. dxe5 {[%clk 0:27:22]} c6 {[%clk 0:33:56]} 21. Ndf4
{[%clk 0:23:33]} Nxe5 {[%clk 0:33:55]} 22. Nxe6 {[%clk 0:23:26]} fxe6
{[%clk 0:34:16]} 23. Nf4 {[%clk 0:23:20]} Nc7 {[%clk 0:31:43]} 24. h4
{[%clk 0:18:16]} Rbd8 {[%clk 0:28:40]} 25. Bh3 {[%clk 0:14:08]} Rxd1
{[%clk 0:28:12]} 26. Rxd1 {[%clk 0:14:30]} Kf7 {[%clk 0:25:44]} 27. Rd6
{[%clk 0:11:43]} Ke7 {[%clk 0:20:28]} 28. c5 {[%clk 0:08:49]} Rf6
{[%clk 0:19:47]} 29. Kg2 {[%clk 0:08:01]} g6 {[%clk 0:17:41]} 30. Rd4
{[%clk 0:05:44]} Nb5 {[%clk 0:15:23]} 31. Rd2 {[%clk 0:01:58]} h6
{[%clk 0:15:22]} 32. a4 {[%clk 0:01:50]} Nc7 {[%clk 0:12:35]} 33. Nd3
{[%clk 0:01:13]} Nxd3 {[%clk 0:09:05]} 34. Rxd3 {[%clk 0:01:42]} Rf8
{[%clk 0:07:16]} 35. Rd6 {[%clk 0:01:31]} a5 {[%clk 0:06:59]} 36. Bg4
{[%clk 0:01:11]} h5 {[%clk 0:01:59]} 37. Be2 {[%clk 0:01:11]} Ne8
{[%clk 0:02:03]} 38. Rd4 {[%clk 0:00:59]} Nf6 {[%clk 0:01:56]} 39. b4
{[%clk 0:00:47]} e5 {[%clk 0:01:44]} 40. Rc4 {[%clk 0:31:08]} Ra8
{[%clk 0:31:18]} 41. b5 {[%clk 0:17:54]} Rd8 {[%clk 0:29:17]} 42. Kf3
{[%clk 0:15:08]} Ng4 {[%clk 0:28:55]} 0-1

[Event "World Chess Olympiad 2018"]
[Site "Batumi"]
[Date "2018.09.30"]
[Round "6"]
[Board "2"]
[WhiteFideId "13000110"]
[White "Nay Oo Kyaw Tun"]
[BlackFideId "6500331"]
[Black "Valdes Romero Leonardo"]
[Result "1/2-1/2"]
[LiveChessVersion "1.4.8"]
[BlackElo "2398"]
[WhiteElo "2389"]

1. d4 {[%clk 1:30:54]} d6 {[%clk 1:30:31]} 2. Nf3 {[%clk 1:30:58]} Nf6
{[%clk 1:30:54]} 3. Bf4 {[%clk 1:30:58]} g6 {[%clk 1:31:18]} 4. e3
{[%clk 1:30:43]} Bg7 {[%clk 1:31:44]} 5. h3 {[%clk 1:30:55]} O-O {[%clk 1:32:10]}
6. Be2 {[%clk 1:31:11]} c5 {[%clk 1:32:37]} 7. c3 {[%clk 1:31:19]} Nbd7
{[%clk 1:33:00]} 8. O-O {[%clk 1:31:31]} b6 {[%clk 1:33:28]} 9. Nbd2
{[%clk 1:31:27]} Bb7 {[%clk 1:33:52]} 10. a4 {[%clk 1:30:38]} a6 {[%clk 1:34:17]}
11. Qb3 {[%clk 1:28:58]} e5 {[%clk 1:28:30]} 12. Bh2 {[%clk 1:24:07]} e4
{[%clk 1:23:09]} 13. Ne1 {[%clk 1:24:23]} Qe7 {[%clk 1:16:27]} 14. Nc2
{[%clk 1:22:09]} Bc6 {[%clk 1:05:42]} 15. Rfd1 {[%clk 1:15:22]} Rfb8
{[%clk 0:56:35]} 16. Na3 {[%clk 1:07:20]} Bf8 {[%clk 0:53:20]} 17. Nac4
{[%clk 0:41:20]} Ne8 {[%clk 0:45:56]} 18. Qc2 {[%clk 0:36:40]} cxd4
{[%clk 0:41:26]} 19. cxd4 {[%clk 0:34:12]} Bd5 {[%clk 0:41:41]} 20. Rdc1
{[%clk 0:33:22]} Rc8 {[%clk 0:36:27]} 21. Qd1 {[%clk 0:33:25]} Qe6
{[%clk 0:36:37]} 22. Na3 {[%clk 0:31:33]} Bb7 {[%clk 0:36:09]} 23. Rxc8
{[%clk 0:28:47]} Rxc8 {[%clk 0:36:35]} 24. Rc1 {[%clk 0:29:12]} Rxc1
{[%clk 0:24:32]} 25. Qxc1 {[%clk 0:29:16]} Ndf6 {[%clk 0:23:04]} 26. Qc2
{[%clk 0:26:34]} Be7 {[%clk 0:17:55]} 27. Nab1 {[%clk 0:24:28]} d5
{[%clk 0:16:27]} 28. Qb3 {[%clk 0:19:02]} Qc6 {[%clk 0:15:28]} 29. Nc3
{[%clk 0:19:25]} h5 {[%clk 0:15:07]} 30. Bg3 {[%clk 0:18:45]} Nd6
{[%clk 0:13:13]} 31. Bh4 {[%clk 0:16:14]} Nf5 {[%clk 0:12:26]} 32. Bg5
{[%clk 0:16:24]} Ng7 {[%clk 0:12:00]} 33. Ndb1 {[%clk 0:14:34]} Ne6
{[%clk 0:12:10]} 34. Bh4 {[%clk 0:14:58]} Kg7 {[%clk 0:10:24]} 35. Bg3
{[%clk 0:14:33]} Nd7 {[%clk 0:09:55]} 36. Na3 {[%clk 0:14:20]} h4
{[%clk 0:06:58]} 37. Bh2 {[%clk 0:14:28]} Bd6 {[%clk 0:06:55]} 38. Bxd6
{[%clk 0:11:56]} Qxd6 {[%clk 0:07:21]} 39. Nc2 {[%clk 0:10:52]} Nc7
{[%clk 0:05:51]} 40. a5 {[%clk 0:35:59]} b5 {[%clk 0:35:01]} 41. Qb4
{[%clk 0:33:09]} Qxb4 {[%clk 0:30:33]} 42. Nxb4 {[%clk 0:33:29]} Kf8
{[%clk 0:30:45]} 43. g3 {[%clk 0:29:10]} hxg3 {[%clk 0:28:14]} 44. fxg3
{[%clk 0:29:32]} Ke7 {[%clk 0:28:06]} 45. h4 {[%clk 0:26:49]} f5 {[%clk 0:27:30]}
46. Kf2 {[%clk 0:25:54]} Nf6 {[%clk 0:24:50]} 47. Nb1 {[%clk 0:23:12]} Ne6
{[%clk 0:24:28]} 1/2-1/2

[Event "World Chess Olympiad 2018"]
[Site "Batumi"]
[Date "2018.09.30"]
[Round "6"]
[Board "3"]
[WhiteFideId "6500170"]
[White "Gonzalez Acosta Bernal"]
[BlackFideId "13001248"]
[Black "Khin Than"]
[Result "0-1"]
[LiveChessVersion "1.4.8"]
[BlackElo "2200"]
[WhiteElo "2452"]

1. f4 {[%clk 1:30:57]} d5 {[%clk 1:30:30]} 2. Nf3 {[%clk 1:31:23]} g6
{[%clk 1:30:39]} 3. g3 {[%clk 1:31:48]} Bg7 {[%clk 1:30:45]} 4. Bg2
{[%clk 1:32:12]} c5 {[%clk 1:30:32]} 5. d3 {[%clk 1:32:36]} Nc6 {[%clk 1:29:42]}
6. O-O {[%clk 1:32:58]} Nf6 {[%clk 1:29:28]} 7. Nc3 {[%clk 1:33:22]} O-O
{[%clk 1:28:50]} 8. e4 {[%clk 1:33:45]} dxe4 {[%clk 1:27:29]} 9. dxe4
{[%clk 1:34:08]} Qxd1 {[%clk 1:25:32]} 10. Rxd1 {[%clk 1:34:33]} e5
{[%clk 1:24:58]} 11. Be3 {[%clk 1:34:21]} b6 {[%clk 1:23:46]} 12. h3
{[%clk 1:34:47]} Nh5 {[%clk 1:11:46]} 13. Kh2 {[%clk 1:34:52]} exf4
{[%clk 1:09:15]} 14. gxf4 {[%clk 1:35:17]} Ba6 {[%clk 0:55:53]} 15. e5
{[%clk 1:27:36]} Rad8 {[%clk 0:55:20]} 16. Ne1 {[%clk 0:56:56]} Nd4
{[%clk 0:50:49]} 17. Bxd4 {[%clk 0:53:01]} Rxd4 {[%clk 0:48:57]} 18. Nd5
{[%clk 0:50:51]} Nxf4 {[%clk 0:47:58]} 19. Rxd4 {[%clk 0:45:21]} cxd4
{[%clk 0:48:20]} 20. Nf6+ {[%clk 0:44:39]} Bxf6 {[%clk 0:47:57]} 21. exf6
{[%clk 0:45:06]} Nh5 {[%clk 0:48:21]} 22. Rd1 {[%clk 0:45:02]} Rd8
{[%clk 0:46:33]} 23. Nf3 {[%clk 0:45:17]} d3 {[%clk 0:44:20]} 24. Ne5
{[%clk 0:37:37]} Nxf6 {[%clk 0:44:27]} 25. cxd3 {[%clk 0:37:46]} Bb5
{[%clk 0:41:50]} 26. d4 {[%clk 0:29:23]} Nd7 {[%clk 0:38:06]} 27. Ng4
{[%clk 0:25:33]} Be2 {[%clk 0:37:53]} 28. Rd2 {[%clk 0:23:38]} Bxg4
{[%clk 0:36:58]} 29. hxg4 {[%clk 0:24:04]} Ne5 {[%clk 0:35:55]} 30. d5
{[%clk 0:17:45]} Nxg4+ {[%clk 0:35:41]} 31. Kg3 {[%clk 0:18:13]} Ne3
{[%clk 0:35:09]} 32. d6 {[%clk 0:17:28]} Nf5+ {[%clk 0:35:22]} 33. Kf4
{[%clk 0:17:53]} Rxd6 {[%clk 0:35:20]} 34. Rc2 {[%clk 0:18:00]} f6
{[%clk 0:32:37]} 35. Rc8+ {[%clk 0:17:44]} Kf7 {[%clk 0:31:41]} 36. Rc7+
{[%clk 0:18:10]} Ne7 {[%clk 0:31:48]} 37. Rxa7 {[%clk 0:18:34]} h5
{[%clk 0:32:11]} 38. a4 {[%clk 0:16:41]} g5+ {[%clk 0:31:40]} 39. Ke3
{[%clk 0:17:07]} Ke6 {[%clk 0:32:05]} 40. b4 {[%clk 0:46:30]} Nf5+
{[%clk 1:01:40]} 41. Ke2 {[%clk 0:46:34]} Nd4+ {[%clk 1:00:33]} 42. Kf2
{[%clk 0:46:55]} Nc2 {[%clk 0:59:14]} 43. b5 {[%clk 0:46:18]} Rd2+
{[%clk 0:57:28]} 44. Kg1 {[%clk 0:46:42]} Ne3 {[%clk 0:57:13]} 45. Bc6
{[%clk 0:46:48]} g4 {[%clk 0:57:21]} 46. Ra8 {[%clk 0:46:52]} Nc4
{[%clk 0:56:16]} 47. Rh8 {[%clk 0:43:20]} g3 {[%clk 0:54:55]} 48. a5
{[%clk 0:43:30]} Nxa5 {[%clk 0:54:23]} 49. Bf3 {[%clk 0:42:47]} Nc4
{[%clk 0:50:48]} 50. Bxh5 {[%clk 0:43:04]} f5 {[%clk 0:46:45]} 51. Rc8
{[%clk 0:39:49]} Nd6 {[%clk 0:43:58]} 52. Rc6 {[%clk 0:39:48]} Ke5
{[%clk 0:43:25]} 53. Rxb6 {[%clk 0:40:13]} Nc4 {[%clk 0:43:28]} 54. Rg6
{[%clk 0:37:22]} Kf4 {[%clk 0:43:27]} 55. Ra6 {[%clk 0:37:18]} Ne3
{[%clk 0:41:51]} 56. Ra4+ {[%clk 0:37:13]} Kg5 {[%clk 0:41:48]} 57. Ra3
{[%clk 0:34:12]} f4 {[%clk 0:41:38]} 58. Bf3 {[%clk 0:34:32]} Rb2
{[%clk 0:42:01]} 59. Ra1 {[%clk 0:34:30]} Rxb5 {[%clk 0:42:23]} 60. Rc1
{[%clk 0:34:51]} Rb2 {[%clk 0:42:14]} 61. Ra1 {[%clk 0:35:10]} Rf2
{[%clk 0:42:11]} 62. Be4 {[%clk 0:34:17]} f3 {[%clk 0:42:01]} 63. Bb7
{[%clk 0:34:19]} Rg2+ 0-1